The Most Popular Conspiracy Theories #1 - Statistics

General Stats
  • This quiz has been taken 717 times
  • The average score is 3 of 10
Answer Stats
Rank Theory % Correct
4 9/11 & the US Government
72%
6 Apollo moon landing is a fake
66%
1 Kennedy assassination
62%
7 UFOs in Roswell, New Mexico
51%
5 Elvis is alive
29%
2 Princenss Diana murdered
20%
10 Reptilian Humanoids rule the world
20%
8 Global Warming is a hoax
17%
3 AIDS is man-made
6%
9 Shakespeare didn't write all the plays
2%
No matching quizzes found
Score Distribution
Percent of People with Each Score
Percentile by Number Answered
Your Score History
You have not taken this quiz